000 00310nam a22001337a 4500
008 170503b xxu||||| |||| 00| 0 eng d
020 _a2900830414795
041 _aeng
080 _24TH
_a343.9
100 _a14
101 _aSHJ
245 _aINTRODUCTION TO CRIMINAL EVIDENCE
_cWALTZ, J.R
942 _2udc
_cBK
999 _c12490
_d12490